Online
Catalog

El pensamiento conservador / (Record no. 25939)

MARC details
000 -CABECERA
campo de control de longitud fija 01072nam a2200265 a 4500
001 - NÚMERO DE CONTROL
campo de control 000026447
005 - FECHA Y HORA DE LA ÚLTIMA TRANSACCIÓN
campo de control 20200930030229.0
008 - DATOS DE LONGITUD FIJA--INFORMACIÓN GENERAL
campo de control de longitud fija 110318s1985 ag r 000 0 spa d
020 ## - NÚMERO INTERNACIONAL ESTÁNDAR DEL LIBRO
Número Internacional Estándar del Libro 9509432407
040 ## - FUENTE DE LA CATALOGACIÓN
Centro catalogador/agencia de origen DO-SdBNP
Lengua de catalogación spa
Centro/agencia transcriptor BNPHU
041 17 - CÓDIGO DE LENGUA
Código de lengua del texto/banda sonora o título independiente spa
Código de lengua original eng
Fuente del código Código de idioma MARC
082 ## - NÚMERO DE LA CLASIFICACIÓN DECIMAL DEWEY
Número de clasificación xxx
Número de documento/Ítem H255p
049 ## - FONDOS LOCALES (OCLC)
Fondos de biblioteca BNGR
100 1# - ENTRADA PRINCIPAL--NOMBRE DE PERSONA
Nombre de persona Harbour, William R.
9 (RLIN) 53501
240 10 - TÍTULO UNIFORME
Título uniforme The Four-dations of conservative thought: An anglo-american tradition in perspective.
Lenguaje de la obra Español.
245 10 - MENCIÓN DE TÍTULO
Título El pensamiento conservador /
Mención de responsabilidad, etc. William R. Harbour ; traducción Juan Carlos Gorlier, Bibiana Tonnelier.
260 ## - PUBLICACIÓN, DISTRIBUCIÓN, ETC.
Lugar de publicación, distribución, etc. Buenos Aires, (Argentina) :
Nombre del editor, distribuidor, etc. Grupo Editor Latinoamericano,
Fecha de publicación, distribución, etc. 1985.
300 ## - DESCRIPCIÓN FÍSICA
Extensión 196, [3] p. ;
Dimensiones 24 cm.
490 1# - MENCIÓN DE SERIE
Mención de serie Temas
534 ## - NOTA SOBRE LA VERSIÓN ORIGINAL
Encabezamiento principal del original Título del original en inglés:
Mención de título del original The Four-dations of conservative thought. An anglo-american tradition in perspective.
500 ## - NOTA GENERAL
Nota general Incluye referencias bibliográficas al pie de las páginas
700 1# - PUNTO DE ACCESO ADICIONAL--NOMBRE DE PERSONA
Nombre de persona Gorlier, Juan Carlos
Término indicativo de función/relación tr.
9 (RLIN) 51405
700 1# - PUNTO DE ACCESO ADICIONAL--NOMBRE DE PERSONA
Nombre de persona Tonnelier, Bibiana
Término indicativo de función/relación tr.
9 (RLIN) 53502
830 #0 - PUNTO DE ACCESO ADICIONAL DE SERIE-TÍTULO UNIFORME
Título uniforme Temas
9 (RLIN) 9064

No items available.

Powered by Koha